| 000 | 00502cam a22001931 4500 | ||
|---|---|---|---|
| 001 | ne 68000800 | ||
| 003 | DLC | ||
| 005 | 20260227111839.0 | ||
| 008 | 890327s1965 tu 000 0 tur | ||
| 010 | _ane 68000800 | ||
| 035 | _a(OCoLC)23572267 | ||
| 040 |
_aDLC _cMiU _dDLC |
||
| 042 | _apremarc | ||
| 050 | 0 | 0 |
_aPL248.G84 _bN5 1965 |
| 100 | 1 |
_aGürpınar, Hüseyin Rahmi, _d1864-1944. |
|
| 245 | 1 | 0 | _aNimetşinas; roman. |
| 260 |
_aİstanbul, _bAtlas Kitabevi _c[1965] |
||
| 300 |
_a164 p. _c20 cm. |
||
| 999 |
_c50165 _d50165 |
||